Top 50 des prénoms garçons et filles années 1930 - Statistiques

Statistiques générales
  • Ce quiz a été pris 70 fois
  • Le résultat moyen est 48 sur 100
Statistiques - réponses
Prénom % Correct
Jean
96%
Marie
87%
Jeanne
85%
Paul
83%
Pierre
81%
François
77%
Michel
77%
Jacques
75%
Marc
75%
André
72%
Bernard
72%
Françoise
70%
Louis
70%
René
70%
Henri
68%
Anne
66%
Claude
66%
Daniel
66%
Paulette
66%
Jacqueline
64%
Andrée
62%
Michelle
62%
Charles
60%
Christian
60%
Georges
60%
Joseph
60%
Louise
60%
Marcel
60%
Raymond
60%
Roger
60%
Bernadette
58%
Philippe
58%
Renée
58%
Yvette
58%
Yves
57%
Alain
55%
Lucien
55%
Maurice
55%
Monique
55%
Odette
55%
Simone
55%
Denise
53%
Gérard
53%
Guy
53%
Nicole
53%
Claudine
51%
Hélène
51%
Jeannine
51%
Robert
51%
Suzanne
51%
Henriette
49%
Josette
49%
Raymonde
49%
Christiane
47%
Julien
47%
Léon
47%
Thérèse
47%
Colette
45%
Fernand
45%
Georgette
45%
Madeleine
45%
Marcelle
45%
Jean-Pierre
43%
Lucienne
43%
Marguerite
43%
Yvonne
42%
Albert
40%
Huguette
40%
Francis
38%
Geneviève
38%
Germaine
38%
Ginette
38%
Josiane
38%
Antoine
36%
Emile
34%
Gisèle
34%
Pierrette
34%
Serge
34%
Edouard
30%
Micheline
30%
Auguste
28%
Gilbert
25%
Mauricette
23%
Alfred
21%
Gabriel
21%
Hubert
21%
Jeanine
21%
Roland
21%
Solange
21%
Irène
19%
Jean-Claude
19%
Liliane
19%
Eugène
17%
Janine
13%
Edmond
11%
Eliane
9%
Gaston
9%
Lucette
9%
Arlette
8%
Armand
8%
Aucun quiz correspondant
Distribution des résultats
% des personnes avec chaque résultat
Percentile par nombre de réponses
Votre historique - résultats
Vous n’avez pas pris ce quiz